<?xml version="1.0" encoding="UTF-8"?><?xml-stylesheet type="text/xsl" href="static/style.xsl"?><OAI-PMH xmlns="http://www.openarchives.org/OAI/2.0/" xmlns:xsi="http://www.w3.org/2001/XMLSchema-instance" xsi:schemaLocation="http://www.openarchives.org/OAI/2.0/ http://www.openarchives.org/OAI/2.0/OAI-PMH.xsd"><responseDate>2026-06-01T15:32:10Z</responseDate><request verb="GetRecord" identifier="oai:riuma.uma.es:10630/36426" metadataPrefix="marc">https://riuma.uma.es/rest/oai/request</request><GetRecord><record><header><identifier>oai:riuma.uma.es:10630/36426</identifier><datestamp>2026-02-03T11:32:37Z</datestamp><setSpec>com_10630_2254</setSpec><setSpec>col_10630_37953</setSpec></header><metadata><record xmlns="http://www.loc.gov/MARC21/slim" xmlns:dcterms="http://purl.org/dc/terms/" xmlns:doc="http://www.lyncode.com/xoai" xmlns:xsi="http://www.w3.org/2001/XMLSchema-instance" xsi:schemaLocation="http://www.loc.gov/MARC21/slim http://www.loc.gov/standards/marcxml/schema/MARC21slim.xsd">
   <leader>00925njm 22002777a 4500</leader>
   <datafield ind2=" " ind1=" " tag="042">
      <subfield code="a">dc</subfield>
   </datafield>
   <datafield ind2=" " ind1=" " tag="720">
      <subfield code="a">Sánchez-Molina, Pablo</subfield>
      <subfield code="e">author</subfield>
   </datafield>
   <datafield ind2=" " ind1=" " tag="260">
      <subfield code="c">2015</subfield>
   </datafield>
   <datafield ind2=" " ind1=" " tag="520">
      <subfield code="a">El Tribunal Europeo de Derechos Humanos ha logrado conquistar cotas relevantes en lo que a  protección de  los Derechos Humanos  se  refiere.  En  esta  tarea  la  doctrina  del  margen  de  apreciación nacional ha tenido una importancia capital, lo que ha favorecido que su uso haya cruzado el Atlántico para comenzar a implantarse en el seno de la jurisprudencia de la Corte Interamericana de Derechos Humanos.</subfield>
   </datafield>
   <datafield ind1="8" ind2=" " tag="024">
      <subfield code="a">Sánchez-Molina, P. (2015). Margen de apreciación nacional (en los sistemas de protección internacional de los derechos humanos). EUNOMÍA. Revista En Cultura De La Legalidad, (9), 224-231. Recuperado a partir de https://e-revistas.uc3m.es/index.php/EUNOM/article/view/2823</subfield>
   </datafield>
   <datafield ind1="8" ind2=" " tag="024">
      <subfield code="a">2253-6655</subfield>
   </datafield>
   <datafield ind1="8" ind2=" " tag="024">
      <subfield code="a">https://e-revistas.uc3m.es/index.php/EUNOM/article/view/2823</subfield>
   </datafield>
   <datafield ind1="8" ind2=" " tag="024">
      <subfield code="a">https://hdl.handle.net/10630/36426</subfield>
   </datafield>
   <datafield tag="653" ind2=" " ind1=" ">
      <subfield code="a">Derechos humanos</subfield>
   </datafield>
   <datafield ind2="0" ind1="0" tag="245">
      <subfield code="a">Margen de apreciación nacional (en los sistemas de protección internacional de los Derechos Humanos)</subfield>
   </datafield>
</record>
</metadata></record></GetRecord></OAI-PMH>